[Event "Gothenburg Kvibergspelen"]
[Site "Gothenburg"]
[Date "2017.05.05"]
[Round "1"]
[White "Arman, Deniz"]
[Black "Ljunggren, Jacob"]
[Result "1-0"]
[WhiteElo "2377"]
[BlackElo "1860"]
[PlyCount "65"]
[EventDate "2017.05.05"]
[EventType "swiss"]
[EventRounds "8"]
[EventCountry "SWE"]
[SourceTitle "CBM 178 Extra"]
[Source "ChessBase"]
[SourceDate "2017.06.22"]
[SourceVersion "1"]
[SourceVersionDate "2017.06.22"]
[SourceQuality "1"]

1. e4 e5 2. Nf3 Nc6 3. Bb5 a6 4. Ba4 Nf6 5. 0-0 Nxe4 6. d4 exd4 7. Re1 d5 8. Bxc6+ bxc6 9. Qxd4 Be6 10. Qa4 Bd6 11. Nc3 0-0 12. Nxe4 dxe4 13. Qxe4 Bd5 14. Qd3 h6 15. Bd2 Qf6 16. Bc3 Qf4 17. Be5 Qg4 18. h3 Qd7 19. Qc3 f6 20. Bxd6 cxd6 21. Re3 Rae8 22. Rae1 Bxf3 23. Rxf3 Rxe1+ 24. Qxe1 Re8 25. Qa5 Qb7 26. Rb3 Qa7 27. Qb6 Re1+ 28. Kh2 Qe7 29. Qxc6 Qe5+ 30. g3 Rc1 31. Qf3 Rxc2 32. Rb8+ Kh7 33. Qd3+ 1-0

[Event "Karlstad op"]
[Site "Karlstad"]
[Date "2014.12.27"]
[Round "1"]
[White "Ljunggren, Jacob"]
[Black "Ernst, Thomas"]
[Result "1/2-1/2"]
[WhiteElo "1889"]
[BlackElo "2361"]
[PlyCount "34"]
[EventDate "2014.12.27"]
[EventType "swiss"]
[EventRounds "7"]
[EventCountry "SWE"]
[SourceTitle "CBM 164 Extra"]
[Source "ChessBase"]
[SourceDate "2015.03.02"]
[SourceVersion "1"]
[SourceVersionDate "2015.03.02"]
[SourceQuality "1"]

1. e4 c5 2. Nf3 d6 3. d4 cxd4 4. Nxd4 Nf6 5. Nc3 a6 6. Be2 e6 7. Be3 Be7 8. g4 Nc6 9. g5 Nd7 10. h4 0-0 11. Qd2 Nxd4 12. Bxd4 b5 13. a3 Bb7 14. 0-0-0 Rc8 15. Kb1 Ne5 16. f4 Nc4 17. Bxc4 Rxc4 1/2-1/2

[Event "Gothenburg op"]
[Site "Gothenburg"]
[Date "2012.08.12"]
[Round "2"]
[White "Ljunggren, Jacob"]
[Black "Bjorkdahl, Daniel"]
[Result "1-0"]
[WhiteElo "1973"]
[BlackElo "1866"]
[PlyCount "105"]
[EventDate "2012.08.11"]
[EventType "swiss"]
[EventRounds "9"]
[EventCountry "SWE"]
[SourceTitle "CBM 149 Extra"]
[Source "ChessBase"]
[SourceDate "2012.08.24"]
[SourceVersion "1"]
[SourceVersionDate "2012.08.24"]
[SourceQuality "1"]

1. e4 c5 2. Nf3 d6 3. d4 cxd4 4. Nxd4 Nf6 5. Nc3 g6 6. Be3 Bg7 7. f3 0-0 8. Qd2 Nc6 9. Bc4 Bd7 10. 0-0-0 Rc8 11. Bb3 Ne5 12. h4 h5 13. Bg5 Rc5 14. g4 hxg4 15. h5 Nxh5 16. Nd5 Rxd5 17. Bxd5 Nxf3 18. Nxf3 gxf3 19. Bh6 Bf6 20. Rxh5 gxh5 21. e5 dxe5 22. Bxf3 Qb6 23. Be3 Qa6 24. Qxd7 Qxa2 25. Rg1+ Bg7 26. Qxe7 e4 27. Bd4 Qa1+ 28. Kd2 Qxg1 29. Bxg1 exf3 30. Qg5 Re8 31. Be3 Re6 32. Qxh5 Rf6 33. Ke1 Kf8 34. Kf2 b6 35. Bg5 Rg6 36. Qg4 Bf6 37. Qc8+ Kg7 38. Bxf6+ Rxf6 39. Qa6 Kg6 40. Qxa7 Kg5 41. Qe7 Kg6 42. Qe4+ Kg7 43. c4 Re6 44. Qg4+ Rg6 45. Qd4+ Rf6 46. b4 Kg6 47. Qg4+ Kh6 48. c5 bxc5 49. bxc5 Rc6 50. Qf4+ Kg7 51. Qg5+ Kf8 52. Qd8+ Kg7 53. Qd5 1-0